000 00584nam a22001937a 4500
003 OSt
005 20180227191753.0
008 180227b xxu||||| |||| 00| 0 eng d
020 _a012778460
040 _cDDC.
082 _a516.15GEO 2004
100 _aZelditch, Leah Miriam;Swiderski,L.Donald;[et...al]
_912499
245 _aGeometric Morphometrics for Biologists.
_bA Primer.
260 _aAmsterdam'
_bElsevier Academic Press.
_c2004.
300 _ax,443p;
_bill:
_c25cm
504 _aincludes Glossary, Bibliography and index
650 _aBIOLOGY.
_95602
942 _2ddc
_cO_SHELF
999 _c6019
_d6019